[Event "POL-ch Rapid U18 Girls"]
[Site "Bydgoszcz"]
[Date "2023.08.30"]
[Round "10"]
[White "Kicinska, Anna"]
[Black "Gaszka, Zuzanna"]
[Result "0-1"]
[WhiteElo "1320"]
[BlackElo "1547"]
[PlyCount "122"]
[EventDate "2023.08.28"]
[EventType "swiss"]
[EventRounds "11"]
[EventCountry "POL"]
[SourceTitle "EXT 2024"]
[Source "ChessBase"]
[SourceDate "2023.10.10"]
[SourceVersion "1"]
[SourceVersionDate "2023.10.10"]
[SourceQuality "1"]

1. d4 Nf6 2. Nf3 g6 3. Bg5 Bg7 4. c3 d5 5. e3 0-0 6. Bd3 h6 7. Bh4 Nbd7 8. Nbd2 c5 9. 0-0 Qb6 10. Rb1 Re8 11. Bg3 Nh5 12. Be5 Nxe5 13. Nxe5 Qc7 14. f4 Nf6 15. g4 Nd7 16. Qf3 Nxe5 17. fxe5 Be6 18. h3 Rf8 19. Qg2 Rad8 20. Rf2 Qb6 21. Nf3 Qa5 22. a3 Qc7 23. Nh4 b6 24. Rbf1 Qc8 25. Kh2 Qd7 26. Qf3 b5 27. Qe2 c4 28. Bb1 a5 29. Qc2 Qe8 30. Ng2 Rb8 31. Nf4 Rb6 32. Kg3 b4 33. axb4 axb4 34. cxb4 Qd8 35. Nxg6 fxg6 36. Qxg6 Bf5 37. Qh5 Bxb1 38. Rxf8+ Bxf8 39. Qf7+ Kh8 40. Rxb1 Bg7 41. Rf1 Rxb4 42. g5 Rb6 43. g6 Rxb2 44. Qe6 Rb6 45. Qf7 c3 46. Rc1 Rc6 47. Qf5 Qc8 48. Qf7 Qd8 49. Kg2 e6 50. Kg3 Qg8 51. Qf4 Qe8 52. Qg4 c2 53. h4 Rc3 54. h5 Rxe3+ 55. Kh2 Re4 56. Qg3 Re2+ 57. Kh3 Qf8 58. Qg4 Qf2 59. Qxe6 Qg2+ 60. Kh4 Re4+ 61. Qg4 Rxg4# 0-1

[Event "POL-ch U12 Girls"]
[Site "Uniejow"]
[Date "2021.07.22"]
[Round "6"]
[White "Kicinska, Anna"]
[Black "Gaszka, Zuzanna"]
[Result "0-1"]
[WhiteElo "1149"]
[BlackElo "1474"]
[PlyCount "152"]
[EventDate "2021.07.18"]
[EventType "swiss"]
[EventRounds "9"]
[EventCountry "POL"]
[SourceTitle "EXT 2022"]
[Source "ChessBase"]
[SourceDate "2021.10.06"]
[SourceVersion "1"]
[SourceVersionDate "2021.10.06"]
[SourceQuality "1"]

1. d4 c5 2. c3 e6 3. Nf3 d5 4. Bf4 Nc6 5. e3 a6 6. Be2 Nf6 7. Nbd2 Be7 8. dxc5 Bxc5 9. 0-0 0-0 10. Rc1 b5 11. a4 Qb6 12. b4 Be7 13. a5 Qd8 14. Qc2 Bb7 15. Rfd1 Rc8 16. Qb1 Qe8 17. h3 h6 18. Bh2 Rd8 19. Bd3 Qd7 20. e4 Kh8 21. e5 Ne8 22. Nd4 g6 23. g4 Rg8 24. Kg2 Bf8 25. f4 Qe7 26. Bg3 Nxd4 27. cxd4 Qxb4 28. Qa1 Qa3 29. Rc3 Qxa1 30. Rxa1 Bb4 31. Rc2 Bxd2 32. Rxd2 Rc8 33. Raa2 Rc3 34. Rac2 Ra3 35. Ra2 Rxa2 36. Rxa2 Ng7 37. Bh4 Rc8 38. Rc2 Ne8 39. Rxc8 Bxc8 40. Bd8 Kg7 41. Kf3 f6 42. Bc2 Kf7 43. Bd3 f5 44. Kg3 Ng7 45. Bf6 fxg4 46. hxg4 h5 47. Bh4 hxg4 48. Kxg4 Nf5 49. Bxf5 gxf5+ 50. Kf3 b4 51. Be1 b3 52. Bc3 Ke7 53. Ke3 Kd7 54. Kd3 Kc6 55. Kd2 Kb5 56. Kd3 Ka4 57. Kd2 Bd7 58. Kd3 Bb5+ 59. Kd2 Bc4 60. Kc1 Ka3 61. Kb1 Bd3+ 62. Kc1 Be4 63. Ba1 Kb4 64. Kb2 Bc2 65. Kc1 Kxa5 66. Kb2 Kb4 67. Kc1 a5 68. Bc3+ Kc4 69. Bxa5 Kxd4 70. Bc3+ Ke4 71. Bd2 Kd3 72. Bc3 d4 73. Ba5 Ke2 74. Bc3 d3 75. Bb4 b2+ 76. Kxb2 d2 0-1

[Event "POL-ch U12 Girls"]
[Site "Uniejow"]
[Date "2021.07.20"]
[Round "3"]
[White "Kicinska, Anna"]
[Black "Duda, Aleksandra"]
[Result "1/2-1/2"]
[WhiteElo "1149"]
[BlackElo "1431"]
[PlyCount "153"]
[EventDate "2021.07.18"]
[EventType "swiss"]
[EventRounds "9"]
[EventCountry "POL"]
[SourceTitle "EXT 2022"]
[Source "ChessBase"]
[SourceDate "2021.10.06"]
[SourceVersion "1"]
[SourceVersionDate "2021.10.06"]
[SourceQuality "1"]

1. d4 f5 2. c4 Nf6 3. Nc3 e6 4. e3 b6 5. Nf3 Bb7 6. Be2 Be7 7. 0-0 0-0 8. b3 c5 9. Bb2 Ne4 10. Ne5 Nxc3 11. Bxc3 Nc6 12. Bf3 Qc7 13. Nxc6 Bxc6 14. d5 exd5 15. Bxd5+ Kh8 16. Re1 Bf6 17. Bxf6 Rxf6 18. e4 fxe4 19. Rxe4 Raf8 20. f3 Rh6 21. g3 Bxd5 22. Qxd5 Rd6 23. Qe5 Qc6 24. Rg4 Rdf6 25. Qe7 R6f7 26. Qe4 Rxf3 27. Re1 Qf6 28. Rf4 Rxf4 29. Qxf4 Qxf4 30. gxf4 Kg8 31. Re7 Rd8 32. Kf2 Kf8 33. Re5 d6 34. Rd5 Ke7 35. Kf3 Rf8 36. h4 Rf6 37. h5 Re6 38. Rg5 Kf7 39. Rf5+ Ke7 40. Rg5 Kf6 41. Rd5 h6 42. Rd1 Ke7 43. Rd5 Re1 44. Rd3 a6 45. a4 Ke6 46. Rd5 Rb1 47. Rd3 Kf5 48. Rd5+ Ke6 49. Rd3 Kd7 50. Kg4 Ke6 51. Kf3 Rh1 52. Kg4 Rg1+ 53. Kf3 g5 54. Kf2 Rh1 55. fxg5 hxg5 56. Kg3 Rxh5 57. Kg4 Rh4+ 58. Kxg5 Rd4 59. Re3+ Kd7 60. Kf5 d5 61. cxd5 Rxd5+ 62. Ke4 Rd4+ 63. Kf3 c4 64. bxc4 Rxc4 65. Ra3 a5 66. Ke3 Kc6 67. Kd3 Kc5 68. Rc3 Rxc3+ 69. Kxc3 b5 70. axb5 Kxb5 71. Kb2 Kb4 72. Ka1 a4 73. Kb1 Kb3 74. Ka1 a3 75. Kb1 a2+ 76. Ka1 Kc2 77. Kxa2 1/2-1/2